Statystyki dla Legia Warszawa, wiosna 2018/2019

Kliknij tutaj aby rozwiązać quiz!

Ogólne statystyki

  • Ten quiz został rozwiązany 403 razy
  • Średni wynik to 16 z 27

Statystyki odpowiedzi

PozycjaImię i Nazwisko% Poprawnych
BramkarzArkadiusz Malarz
96%
ObrońcaArtur Jędrzejczyk
88%
BramkarzRadosław Cierzniak
87%
NapastnikCarlitos
83%
BramkarzRadosław Majecki
81%
PomocnikMichał Kucharczyk
78%
ObrońcaAdam Hlousek
72%
PomocnikCafu
71%
PomocnikSebastian Szymański
70%
ObrońcaWilliam Remy
69%
NapastnikJarosław Niezgoda
64%
ObrońcaMateusz Wieteska
64%
PomocnikMiroslav Radović
63%
PomocnikMarko Vesović
56%
PomocnikDomagoj Antolić
55%
PomocnikKasper Hamalainen
54%
PomocnikAndre Martins
53%
ObrońcaInaki Astiz
53%
ObrońcaPaweł Stolarski
51%
NapastnikSandro Kulenović
50%
ObrońcaLuis Rocha
47%
NapastnikIuri Medeiros
47%
PomocnikDominik Nagy
43%
PomocnikSalvador Agra
35%
BramkarzCezary Miszta
29%
PomocnikMichał Karbownik
22%
PomocnikMateusz Praszelik
18%

Rozkład punktacji

Percentyl według liczby udzielonych odpowiedzi

Procent ludzi z każdym wynikiem

Twoja historia wyników

Nie rozwiązałeś tego quizu